LEADER 00732nam a2200205 i 4500 001 000000166803 003 CaOOAMICUS 005 20230530105452.0 008 071120s1966 it u000 u fre u 040 $aSeMil$bita 100 1 $aBeauvoir, Simone : de,$d<1908-1986>.$0(OLS)http://semarc/name/951 245 14$aLes belles images /$cSimone de Beauvoir. 264 1$a[Paris] :$bGallimard,$c1966. 300 $a257 p. ;$c19 cm. 850 $aSeMil 852 $aSeMil$W1$xVenegono$y1$m1T III 115$j241054$B117963$CSeMilBibl$Z2$F128871 $81 961 $aRecupero: Altro 996 $6245$aLes belles images$9(OLS)http://semarc/title/238452 996 $6264$a[Paris] :$bGallimard$9(OLS)http://semarc/publisher/30050 LEADER 00890nam a2200205 i 4500 001 000000036717 003 CaOOAMICUS 005 20230912111216.0 008 931231n1990 it a u000 u ita u 040 $aSeMil$bita 245 04$aLa «Fabrica» di S. Francesco in Saronno :$btrenta anni di restauro (1960-1990) 264 1$a[S.l. :$bs.n.]$e(Cantů :$fTipografia Gioia ,$gstampa 1990) 300 $a32 p. :$bill. ;$a30 cm 650 4$aSaronno - Chiese - San Francesco.$0(OLS)http://semarc/subject/40071 850 $aSeMil 852 $aSeMil$W1$xVenegono$y1$m3P VI 164$j2872$B2872$CSeMilBibl$Z2$F2872 $81 961 $aOmaggio: Pirovano don Angelo 996 $6245$aLa «Fabrica» di S. Francesco in Saronno :$btrenta anni di restauro (1960-1990)$9(OLS)http://semarc/title/51003 996 $6264$a[S.l. :$bs.n.]$9(OLS)http://semarc/publisher/29751